| 000 -LEADER | |
|---|---|
| fixed length control field | 00431nam a22001697a 4500 |
| 005 - DATE AND TIME OF LATEST TRANSACTION | |
| control field | 20180319110548.0 |
| 008 - FIXED-LENGTH DATA ELEMENTS--GENERAL INFORMATION | |
| fixed length control field | 160526b xxu||||| |||| 00| 0 eng d |
| 020 ## - INTERNATIONAL STANDARD BOOK NUMBER | |
| ISBN | 81-7194-331-4 |
| 041 ## - LANGUAGE CODE | |
| Language code of text/sound track or separate title | eng |
| 082 ## - DEWEY DECIMAL CLASSIFICATION NUMBER | |
| Item number | 5120 |
| Classification number | 336.24 |
| 100 ## - MAIN ENTRY--AUTHOR NAME | |
| Personal name | Singaniya, Vinod & Monica |
| 245 ## - TITLE STATEMENT | |
| Title | Students Guide to income tax |
| 260 ## - PUBLICATION, DISTRIBUTION, ETC. (IMPRINT) | |
| Place of publication | New Delhi |
| Name of publisher | Academic Faundation |
| 300 ## - PHYSICAL DESCRIPTION | |
| Number of Pages | Deu.2000 |
| 650 ## - SUBJECT ADDED ENTRY--TOPICAL TERM | |
| Topical Term | Management |
| 942 ## - ADDED ENTRY ELEMENTS (KOHA) | |
| Koha item type | Books |
| Lost status | Damaged status | Collection code | Home library | Current library | Shelving location | Date acquired | Cost, normal purchase price | Full call number | Accession Number | Koha item type |
|---|---|---|---|---|---|---|---|---|---|---|
| Reference | JRU Library | SHELF-30-A | 26/05/2016 | 275.00 | 336.24 | 5120 | Books | |||
| JRU Library | SHELF-75-N | 26/05/2016 | 275.00 | 336.24 | 5121 | Books | ||||
| LAW | JRU Library | SHELF-32-E | 26/05/2016 | 275.00 | 336.24 | 5122 | Books |